| 000 | 00490nam a22001817a 4500 | ||
|---|---|---|---|
| 999 |
_c532469 _d532469 |
||
| 003 | NUST | ||
| 005 | 20191121120207.0 | ||
| 008 | 191121b ||||| |||| 00| 0 eng d | ||
| 020 | _a8184872453 | ||
| 024 | _a978-8184872453 | ||
| 038 | _aMSOHAIL | ||
| 082 | _a0 | ||
| 100 |
_aNainan P Kurian _926013 |
||
| 245 | _aIntroduction to Modern Techniques in Geotechnical and Foundation Engineering | ||
| 260 |
_aNew Delhi _bNarosa Publishing House _cc2013 |
||
| 300 | _av.p | ||
| 942 |
_2ddc _cBK |
||